000 00252nam a22001217a 4500
008 181019b xxu||||| |||| 00| 0 eng d
041 _aeng
080 _a616.073
100 _a6
101 _aGEN
245 _aGenetics
_cIrwin.H.H
942 _2udc
_cBK
999 _c50291
_d50291